Statistics for One Word Movie Titles #4

Click here to take the quiz!

General Stats

  • This quiz has been taken 407 times
  • The average score is 15 of 30

Answer Stats

HintAnswer% Correct
A "street rat" wins over a princess, with help from a genie.Aladdin
86%
You can count on this original Transylvanian vampire movie.Dracula
85%
Cate Blanchett's version of England's most famous queen.Elizabeth
84%
Animated story of a girl who joins the Chinese army and saves the empire from the Huns.Mulan
83%
Much maligned film about Batman's chief female nemesis.Catwoman
81%
The life and career of a legendary blind R&B artist.Ray
80%
A hot-shot racecar is stuck in a small town where he learns a valuable lesson.Cars
73%
Ben Kingsley channels India's most famous pacifist.Gandhi
73%
The story of an activist who became the first openly gay elected California official.Milk
65%
Renee Zelleweger and Catherine Zeta-Jones sing to escape death row.Chicago
64%
Biography of a Mexican artist portrayed by Salma Hayek.Frida
58%
A boy inadvertantly releases a horde of tiny malevolent monsters on a small town.Gremlins
53%
Staff of an army hospital in Korea find levity in their dark surroundings.M*A*S*H
52%
After an accident, Bruce Willis learns he is really durable and Sam Jackson is evil.Unbreakable
52%
An immortal Scot confronts the last of his equally immortal opponents.Highlander
51%
The Mel Brooks parody of George Lucas' New Hope.Spaceballs
51%
A teen must complete a maze to free her brother from the Goblin King.Labyrinth
48%
An actor disguises himself as a woman to get a part in a soap opera.Tootsie
48%
Jon Cusack keeps his family alive during a series of global catastrophes.2012
47%
A day in the life of two convenience store employees.Clerks
46%
A Las Vegas dancer claws her way to the top of the Vegas entertainment scene.Showgirls
38%
The story of an African-American brigade in the American Civil war.Glory
33%
The movie based on the TV show Firefly.Serenity
28%
An average soldier wakes 500 years in the future to discover he is the smartest person alive.Idiocracy
27%
Arnold Schwarzenegger becomes suspicious of his Witness Protection co-workers.Eraser
24%
Kurt Russell's retirement in Arizona is disrupted by a band of outlaws.Tombstone
22%
True story of a whistle-blowing NY cop whose comrades turn on him.Serpico
21%
A rapidly changing alien arrives on earth via meteorite, and meets David Duchovney.Evolution
19%
George Clooney and Matt Damon explore the oil industry and its effects on people.Syriana
14%
Akira Kurosawa's epic tale of a crime told from three different perspectives.Rashomon
13%

Score Distribution

Percentile by Number Answered

Percent of People with Each Score

Your Score History

You have not taken this quiz